000 00332nam a2200133Ia 4500
008 220217s9999||||xx |||||||||||||| ||und||
082 _a004.6 PAT
100 _aPeterson,L Larry
_91975
245 0 _aComputer networks
250 _a2nd
260 _aMargon kaufman
_bKanpur
_c2000
300 _b0
650 _aCOMPUTER NETWORK
999 _c167876
_d167876